Biblioteca

Servicio y ministerio en las Iglesias de la época neotestamentaria (Registro nro. 69624)

Detalles MARC
000 -LÍDER
Campo fijo de descripción fija 01262nab a2200217 i 4500
001 - NÚMERO DE CONTROL
Campo de control 768714001
003 - IDENTIFICADOR DEL NÚMERO DE CONTROL
Campo de control CO-MdFUSB
005 - FECHA Y HORA DE LA ULTIMA TRANSACCIÓN
control field 20240509162905.0
008 - ELEMENTOS DE LONGITUD FIJA -- INFORMACIÓN GENERAL
Campo fijo de descripción fija -- Información general 240509t1969 sp ||||| |||| 00| 0 spa d
040 ## - FUENTE DE CATALOGACIÓN
Idioma de catalogación spa
Agencia que realiza la transcripción CO-MdFUSB
Agencia que realiza la modificación CO-MdFUSB
041 ## - CÓDIGO DE IDIOMA
Código de idioma para texto/pista de sonido o título separado spa
100 ## - ASIENTO PRINCIPAL--NOMBRE PERSONAL
Nombre personal Schelkle, Karl Hermann,
Término relacionador autor
245 ## - TÍTULO
Título Servicio y ministerio en las Iglesias de la época neotestamentaria
Mención de responsabilidad / Karl Hermann Schelkle
520 ## - NOTA DE RESUMEN, ETC.
Nota de sumario, etc. Ha sido costumbre en las celebraciones litúrgicas que el sacerdote recite todas las partes de la misa, como Gloria, Credo, Epístola y Evangelio, en voz baja cuando el pueblo o los monaguillos dicen en voz alta. Esto significaba que sólo lo que se hacía en la iglesia lo hacía el sacerdote y que la jerarquía tiraba de todo. Este decreto fue descartado. El sacerdote ya no susurra lo que el pueblo proclama en voz alta. La acción del pueblo es la acción de la iglesia.
650 #7 - ASIENTO SECUNDARIO DE MATERIA - TERMINO TEMÁTICO
Término temático o nombre geográfico como elemento de entrada Teología pastoral
9 (RLIN) 227
650 #7 - ASIENTO SECUNDARIO DE MATERIA - TERMINO TEMÁTICO
Término temático o nombre geográfico como elemento de entrada Iglesia
9 (RLIN) 655
650 #7 - ASIENTO SECUNDARIO DE MATERIA - TERMINO TEMÁTICO
Término temático o nombre geográfico como elemento de entrada Clero --
Término temático que sigue al nombre geográfico como elemento de entrada Actividad política
9 (RLIN) 41
773 0# - ASIENTO DE ITEM FUENTE
Biblionumber 49450
Itemnumber 82606
Otro identificador del ítem R2533
Título Revista internacional de teología Concilium
Número de control del registro (CO-MdFUSB)8
Número Internacional Normalizado para Publicaciones Seriadas (ISSN) 0210-1041
Parte(s) relacionada(s) / Volumen., número. (mes año), páginas Número 43, (marzo, 1969), páginas: 361 - 374
Enumeración y primera página página: 361
942 ## - TIPO DE MATERIAL (KOHA)
Tipo de Item KOHA Artículos de Revista
945 ## - INFORMACIÓN LOCAL DEL REGISTRO
Catalogador Catherine Arias Alvarez - Practicante SENA

No hay ítems disponibles.

Biblioteca FUSBC | Teléfono: (57+4) 349 88 10 Ext. 141| WhatsApp (+57) 3005338115 
E-mail: biblioteca@unisbc.edu.co | Calle 76 87-14 Robledo Palenque, Medellín, Colombia

Con tecnología Koha